द्वार नहीं खुले : (Record no. 115704)

MARC details
000 -LEADER
fixed length control field 01238nam a22002657a 4500
005 - DATE AND TIME OF LATEST TRANSACTION
control field 20170124103028.0
010 ## - LIBRARY OF CONGRESS CONTROL NUMBER
LC control number A-611633
020 ## - INTERNATIONAL STANDARD BOOK NUMBER
Terms of availability 70.00
035 ## - SYSTEM CONTROL NUMBER
System control number A-611633
037 ## - SOURCE OF ACQUISITION
Source of stock number/acquisition Cen Lib/Ret
040 ## - CATALOGING SOURCE
Original cataloging agency DPL
Language of cataloging HN
082 ## - DEWEY DECIMAL CLASSIFICATION NUMBER
Classification number
Item number शर्माभ
100 ## - MAIN ENTRY--PERSONAL NAME
Personal name शर्मा, भगवती कुमार
9 (RLIN) 62818
245 ## - TITLE STATEMENT
Title द्वार नहीं खुले :
Statement of responsibility, etc भगवती कुमार शर्मा; अनुवादक सरला जगमोहन
Remainder of title कहानी संग्रह /
246 ## - VARYING FORM OF TITLE
Title proper/short title Dvar nahin khule : kahani sangreh /
Remainder of title by Bhagwati Kumar Sharma; anuvadak Sarala Jagmohan
260 ## - PUBLICATION, DISTRIBUTION, ETC. (IMPRINT)
Place of publication, distribution, etc नयी दिल्ली
Name of publisher, distributor, etc भारतीय ज्ञानपीठ
Date of publication, distribution, etc 1992
270 ## - ADDRESS
City नयी दिल्ली
Address 18, इंस्टीट्युशनल एरिया, लोधी रोड
Postal code 110003
300 ## - PHYSICAL DESCRIPTION
Extent xii, 172पृ.
Dimensions 21सेमी(सजिल्द)
650 ## - SUBJECT ADDED ENTRY--TOPICAL TERM
Topical term or geographic name as entry element गुजरती साहित्य
9 (RLIN) 62819
650 ## - SUBJECT ADDED ENTRY--TOPICAL TERM
Topical term or geographic name as entry element कहानियां
9 (RLIN) 62820
650 ## - SUBJECT ADDED ENTRY--TOPICAL TERM
Topical term or geographic name as entry element Gujrati literature
9 (RLIN) 29154
650 ## - SUBJECT ADDED ENTRY--TOPICAL TERM
Topical term or geographic name as entry element Stories
9 (RLIN) 7500
700 ## - ADDED ENTRY--PERSONAL NAME
Personal name जगमोहन, सरला
9 (RLIN) 62821
942 ## - ADDED ENTRY ELEMENTS (KOHA)
Source of classification or shelving scheme Dewey Decimal Classification
Koha item type Hindi Books
Classification part
Call number suffix शर्माभ
Holdings
Withdrawn status Lost status Damaged status Not for loan Home library Current library Date acquired Source of acquisition Cost, normal purchase price Total Checkouts Full call number Barcode Date last seen Copy number Cost, replacement price Price effective from Koha item type
Withdrawn       Central Library Central Library 21/08/2015 Cen Lib/Ret 7000.00   क शर्माभ A-611633 21/08/2015 1 70.00 21/08/2015 Hindi Books

© Delhi Public Library
Hit Counter
free hit counter